000 00549nam a22001817a 4500
005 20251108170604.0
008 250721s2001 xx 000 0 ara d
082 1 4 _a216.22/ملح
100 1 _aملحم، أحمد سالم
_eمعد
245 1 0 _aالخلاصة الفقهية في سنة الجمعة القبلية /
264 1 _aعمان :
_bدار المناهج،
_c2001.
300 _a68ص.
650 1 7 _aالفقه الإسلامي
650 1 7 _aالصلوات
650 1 7 _aصلاة الجمعة
942 _2ddc
_cBK
999 _c44216
_d44216